000 00252nam a2200109Ia 4500
008 220204s9999 xx 000 0 und d
082 _a82-3
_bCAR;1
100 _aCarter, Nick
245 0 _aMassacre in Milan
260 _aBombay
_bIBH
_c1978
942 _cBK
999 _c31076
_d31076